000 00796nam a2200217 i 4500
001 71542
003 ES-MaACL
005 20250822142623.0
007 t|
008 040812s1956 sp ||||1| spa d
100 0 _aGeneviève de la Sainte-Face (
_d1869-1959)
_9171459
245 1 0 _aRecuerdo filial
_b: la madre de Santa Teresa del Niño Jesús, 1831-1877 /
_cGenoveva de la Santa Faz ; versión castellana por Fr. Emeterio G. Setién de J.M.
260 _aBurgos :
_bEl Monte Carmelo,
_c1956.
300 _aX, 122 p., 8 lám. ;
_c17 cm.
490 1 _aSanta Teresita
600 0 4 _aCelia Guérin, Santa,
_d1831-1877
_9171460
700 1 _aEmeterio G. Setién de J. M. (
_d1915-2001)
_9171444
830 1 _aSanta Teresita
_9231076
852 _aES-MaACL
_jC-13519
999 _c71542
_d71542